[Event "Prague Golden op 18th"]
[Site "Prague"]
[Date "2023.06.25"]
[Round "1.2"]
[White "Dubsky, Lukas"]
[Black "Spirek, Adam"]
[Result "0-1"]
[WhiteElo "1216"]
[BlackElo "1974"]
[PlyCount "94"]
[EventDate "2023.06.25"]
[EventType "team-swiss"]
[EventRounds "9"]
[EventCountry "CZE"]
[SourceTitle "CBM 214 Extra"]
[Source "ChessBase"]
[SourceDate "2023.07.31"]
[SourceVersion "1"]
[SourceVersionDate "2023.07.31"]
[SourceQuality "1"]
[WhiteTeam "Jugoslavsti Experti"]
[BlackTeam "Ceska Lipa"]
[WhiteTeamCountry "CZE"]
[BlackTeamCountry "CZE"]

1. e4 d5 2. exd5 Nf6 3. Nc3 Nxd5 4. Bc4 Be6 5. Bb3 c6 6. Nf3 Nc7 7. 0-0 g6 8. d4 Bg7 9. Re1 Bxb3 10. axb3 0-0 11. Bf4 Nba6 12. Qd2 Ne6 13. Be5 Nb4 14. Ne4 Qb6 15. c3 Na6 16. Bxg7 Kxg7 17. b4 Rad8 18. Neg5 Nxg5 19. Nxg5 h6 20. Nf3 e6 21. Ne5 Nb8 22. Nc4 Qb5 23. Ne5 a6 24. c4 Qb6 25. c5 Qc7 26. Ra3 Nd7 27. Nxd7 Rxd7 28. Ree3 Rd5 29. Rh3 h5 30. Rad3 Rfd8 31. Qc3 Qf4 32. Rhf3 Qe4 33. Rfe3 Qf5 34. Rf3 Qg4 35. Rg3 Qf5 36. Rgf3 Qg5 37. Rg3 Qf6 38. Rgf3 Rf5 39. Rxf5 exf5 40. f3 Rd5 41. Kf2 Qh4+ 42. Kg1 Kh6 43. g3 Qg5 44. f4 Qg4 45. Kg2 Qe2+ 46. Kh3 Qf1+ 47. Kh4 f6 0-1

[Event "Prague Golden op 18th"]
[Site "Prague"]
[Date "2023.06.25"]
[Round "5.2"]
[White "Korniichuk, Oleksandra"]
[Black "Spirek, Adam"]
[Result "1-0"]
[WhiteElo "1725"]
[BlackElo "1974"]
[PlyCount "85"]
[EventDate "2023.06.25"]
[EventType "team-swiss"]
[EventRounds "9"]
[EventCountry "CZE"]
[SourceTitle "CBM 214 Extra"]
[Source "ChessBase"]
[SourceDate "2023.07.31"]
[SourceVersion "1"]
[SourceVersionDate "2023.07.31"]
[SourceQuality "1"]
[WhiteTeam "Bohemians"]
[BlackTeam "Ceska Lipa"]
[WhiteTeamCountry "CZE"]
[BlackTeamCountry "CZE"]

1. e4 d5 2. exd5 Nf6 3. Nc3 Nxd5 4. Bc4 Be6 5. Qf3 c6 6. Nge2 Nc7 7. Bb3 Bxb3 8. axb3 Nba6 9. Ng3 Nb4 10. Qd1 g6 11. d3 Bg7 12. Bd2 0-0 13. 0-0 a5 14. Rb1 e5 15. Nce2 Nca6 16. Bc3 Qb6 17. Kh1 Nd5 18. Qd2 Nxc3 19. Nxc3 Nb4 20. Rbe1 f5 21. Nge2 Rad8 22. Qc1 Qc5 23. f4 Bh6 24. Qb1 e4 25. dxe4 Rd2 26. Na4 Qxc2 27. Ng3 fxe4 28. Qxc2 Rxc2 29. Rxe4 b5 30. Nb6 Rxb2 31. Nd7 Rd8 32. Nf6+ Kg7 33. Ng4 Rd7 34. f5 gxf5 35. Nxf5+ Kg6 36. Nfxh6 Rxb3 37. h3 Nd5 38. Re6+ Kg7 39. Rxc6 a4 40. Nf5+ Kf7 41. Ne5+ Ke8 42. Nxd7 Kxd7 43. Rd6+ 1-0

[Event "Prague Golden op 18th"]
[Site "Prague"]
[Date "2023.06.25"]
[Round "2.2"]
[White "Spirek, Adam"]
[Black "Bara, Josef Jr"]
[Result "1-0"]
[WhiteElo "1974"]
[BlackElo "1484"]
[PlyCount "67"]
[EventDate "2023.06.25"]
[EventType "team-swiss"]
[EventRounds "9"]
[EventCountry "CZE"]
[SourceTitle "CBM 214 Extra"]
[Source "ChessBase"]
[SourceDate "2023.07.31"]
[SourceVersion "1"]
[SourceVersionDate "2023.07.31"]
[SourceQuality "1"]
[WhiteTeam "Ceska Lipa"]
[BlackTeam "P&P"]
[WhiteTeamCountry "CZE"]
[BlackTeamCountry "CZE"]

1. e4 e6 2. d4 g6 3. f4 Bg7 4. Nf3 Ne7 5. Be3 d5 6. e5 b6 7. Bd3 Bb7 8. Na3 Nbc6 9. c3 a6 10. h4 Qd7 11. h5 b5 12. h6 Bf8 13. Nc2 Nf5 14. Bxf5 exf5 15. Ng5 Be7 16. Qe2 Bxg5 17. fxg5 0-0-0 18. Bf4 Rhe8 19. 0-0 Na5 20. b3 Qc6 21. Rf3 Re6 22. Qd2 Qb6 23. Be3 Rde8 24. Ne1 Qc6 25. Nd3 R6e7 26. Nc5 Rd8 27. c4 Qe8 28. Qxa5 dxc4 29. bxc4 Bxf3 30. Qxa6+ Kb8 31. gxf3 c6 32. cxb5 cxb5 33. Rb1 Re6 34. Qb7# 1-0

[Event "Prague Golden op 18th"]
[Site "Prague"]
[Date "2023.06.25"]
[Round "8.2"]
[White "Spirek, Adam"]
[Black "Kastner, Jan"]
[Result "0-1"]
[WhiteElo "1974"]
[BlackElo "1996"]
[PlyCount "96"]
[EventDate "2023.06.25"]
[EventType "team-swiss"]
[EventRounds "9"]
[EventCountry "CZE"]
[SourceTitle "CBM 214 Extra"]
[Source "ChessBase"]
[SourceDate "2023.07.31"]
[SourceVersion "1"]
[SourceVersionDate "2023.07.31"]
[SourceQuality "1"]
[WhiteTeam "Ceska Lipa"]
[BlackTeam "Nymbursti Kolici"]
[WhiteTeamCountry "CZE"]
[BlackTeamCountry "CZE"]

1. e4 c6 2. d4 d5 3. e5 Bf5 4. Nc3 e6 5. g4 Bg6 6. Nge2 h6 7. h4 Bb4 8. Nf4 Be4 9. f3 Bh7 10. Nh5 Kf8 11. Bd3 Bxd3 12. Qxd3 g6 13. Nf4 Ne7 14. h5 g5 15. Nfe2 c5 16. Be3 Nbc6 17. 0-0-0 cxd4 18. Bxd4 Rc8 19. Nb5 a6 20. Nd6 Nxd4 21. Nxd4 Bxd6 22. exd6 Qxd6 23. Rhe1 Nc6 24. c3 Qf4+ 25. Kb1 Nxd4 26. Qxd4 Qxd4 27. Rxd4 Kg7 28. f4 Rc4 29. Rxc4 dxc4 30. fxg5 hxg5 31. Re5 Kf6 32. Rc5 b5 33. Rc6 Ra8 34. Kc2 Ke5 35. Rc5+ Kf4 36. Rc7 f5 37. gxf5 exf5 38. h6 g4 39. Kd2 Kf3 40. Rg7 f4 41. Ke1 g3 42. Kf1 Rd8 43. Ke1 g2 44. h7 Re8+ 45. Kd1 Rh8 46. Ke1 Rxh7 47. Rxh7 g1Q+ 48. Kd2 Qe3+ 0-1

[Event "Prague Golden op 18th"]
[Site "Prague"]
[Date "2023.06.25"]
[Round "7.2"]
[White "Spirek, Adam"]
[Black "Remizov, Artem"]
[Result "1-0"]
[WhiteElo "1974"]
[BlackElo "1238"]
[PlyCount "57"]
[EventDate "2023.06.25"]
[EventType "team-swiss"]
[EventRounds "9"]
[EventCountry "CZE"]
[SourceTitle "CBM 214 Extra"]
[Source "ChessBase"]
[SourceDate "2023.07.31"]
[SourceVersion "1"]
[SourceVersionDate "2023.07.31"]
[SourceQuality "1"]
[WhiteTeam "Ceska Lipa"]
[BlackTeam "Vitezove"]
[WhiteTeamCountry "CZE"]
[BlackTeamCountry "CZE"]

1. e4 e5 2. Nc3 Nf6 3. Bc4 Nc6 4. d3 Bc5 5. f4 d6 6. Nf3 Bg4 7. Na4 Bd4 8. c3 Bb6 9. Nxb6 axb6 10. h3 Be6 11. Bxe6 fxe6 12. fxe5 dxe5 13. Bg5 h6 14. Bh4 g5 15. Bg3 Nh5 16. Bxe5 Nxe5 17. Nxe5 Nf6 18. 0-0 0-0 19. Qe2 Qd6 20. Ng6 Rf7 21. e5 Qd8 22. Rxf6 Rxf6 23. exf6 Qxf6 24. Ne5 Ra5 25. d4 c5 26. Rf1 Qd8 27. Qh5 cxd4 28. Qg6+ Kh8 29. Nf7# 1-0

[Event "Prague Golden op 18th"]
[Site "Prague"]
[Date "2023.06.25"]
[Round "6.2"]
[White "Vorisek, Jakub"]
[Black "Spirek, Adam"]
[Result "1-0"]
[WhiteElo "2168"]
[BlackElo "1974"]
[PlyCount "69"]
[EventDate "2023.06.25"]
[EventType "team-swiss"]
[EventRounds "9"]
[EventCountry "CZE"]
[SourceTitle "CBM 214 Extra"]
[Source "ChessBase"]
[SourceDate "2023.07.31"]
[SourceVersion "1"]
[SourceVersionDate "2023.07.31"]
[SourceQuality "1"]
[WhiteTeam "Vlasim Spartak"]
[BlackTeam "Ceska Lipa"]
[WhiteTeamCountry "CZE"]
[BlackTeamCountry "CZE"]

1. e4 d5 2. exd5 Nf6 3. d4 Bg4 4. Be2 Bxe2 5. Qxe2 Qxd5 6. Nf3 Nc6 7. c4 Qe4 8. Be3 Ng4 9. Nc3 Qg6 10. d5 Nb4 11. 0-0 Nxe3 12. fxe3 Qd3 13. Qxd3 Nxd3 14. Rfd1 Nxb2 15. Rd4 0-0-0 16. Rb1 e5 17. Nxe5 Bc5 18. Rxb2 Bxd4 19. exd4 Rhf8 20. Nb5 Kb8 21. a4 f6 22. Nd3 Rfe8 23. Kf2 Re4 24. Nc5 Rf4+ 25. Kg3 Rf1 26. Ne6 Rd7 27. c5 Rxd5 28. Nbxc7 Rd7 29. Na6+ Kc8 30. c6 Re7 31. cxb7+ Rxb7 32. Rc2+ Kd7 33. Nec5+ Kc6 34. d5+ Kb6 35. Rb2+ 1-0

[Event "CZE-chT2C 2223"]
[Site "Czech Republic"]
[Date "2023.02.19"]
[Round "9.8"]
[White "Skala, Jaromir"]
[Black "Spirek, Adam"]
[Result "1/2-1/2"]
[WhiteElo "1880"]
[BlackElo "1995"]
[PlyCount "29"]
[EventDate "2022.10.16"]
[EventType "team-tourn"]
[EventRounds "11"]
[EventCountry "CZE"]
[SourceTitle "EXT 2024"]
[Source "ChessBase"]
[SourceDate "2023.10.10"]
[SourceVersion "1"]
[SourceVersionDate "2023.10.10"]
[SourceQuality "1"]
[WhiteTeam "Kutna Hora"]
[BlackTeam "Ceska Lipa"]
[WhiteTeamCountry "CZE"]
[BlackTeamCountry "CZE"]

1. d4 Nf6 2. c4 c5 3. d5 b5 4. Qc2 b4 5. e4 d6 6. Nd2 g6 7. b3 Bg7 8. Bb2 Nbd7 9. g3 0-0 10. Bg2 a5 11. Ne2 a4 12. Rb1 axb3 13. axb3 Ne5 14. 0-0 Bg4 15. f3 1/2-1/2

[Event "Prague Menchik Memorial Rapid"]
[Site "Prague"]
[Date "2021.09.28"]
[Round "2"]
[White "Spirek, Adam"]
[Black "Hrabusa, Matej"]
[Result "1/2-1/2"]
[WhiteElo "2014"]
[BlackElo "2363"]
[PlyCount "28"]
[EventDate "2021.09.28"]
[EventType "swiss (rapid)"]
[EventRounds "9"]
[EventCountry "CZE"]
[SourceTitle "CBM 204 Extra"]
[Source "ChessBase"]
[SourceDate "2021.11.30"]
[SourceVersion "1"]
[SourceVersionDate "2021.11.30"]
[SourceQuality "1"]

1. e4 c5 2. Nc3 Nc6 3. Bb5 Nd4 4. Nf3 e6 5. Nxd4 cxd4 6. Ne2 Bc5 7. 0-0 Nf6 8. d3 a6 9. Bc4 d5 10. exd5 Nxd5 11. Nf4 Nf6 12. a3 0-0 13. Nh5 Bd7 14. Bg5 Be7 1/2-1/2

[Event "Olomouc op 22nd"]
[Site "Olomouc"]
[Date "2019.08.11"]
[Round "2"]
[White "Dambrauskas, Virginijus A"]
[Black "Spirek, Adam"]
[Result "1-0"]
[WhiteElo "2253"]
[BlackElo "2024"]
[PlyCount "119"]
[EventDate "2019.08.10"]
[EventType "swiss"]
[EventRounds "9"]
[EventCountry "CZE"]
[SourceTitle "CBM 191 Extra"]
[Source "ChessBase"]
[SourceDate "2019.09.30"]
[SourceVersion "1"]
[SourceVersionDate "2019.09.30"]
[SourceQuality "1"]

1. d4 Nf6 2. c4 c5 3. Nf3 cxd4 4. Nxd4 d5 5. e3 e5 6. Nf3 Nc6 7. cxd5 Qxd5 8. Qxd5 Nxd5 9. a3 f6 10. Bd2 Be6 11. Nc3 Nxc3 12. Bxc3 Be7 13. Nd2 Kf7 14. Bc4 Rhd8 15. Bxe6+ Kxe6 16. Ke2 b5 17. Rhc1 a5 18. b3 a4 19. Bb2 Na5 20. b4 Rxd2+ 21. Kxd2 Nb3+ 22. Ke2 Nxa1 23. Bxa1 Rd8 24. e4 h5 25. Bb2 Bd6 26. Rc3 Rd7 27. Bc1 Rc7 28. Rxc7 Bxc7 29. Be3 Bd6 30. f3 f5 31. exf5+ Kxf5 32. Kd3 g5 33. Bf2 g4 34. fxg4+ hxg4 35. h3 gxh3 36. gxh3 Bc7 37. Bc5 e4+ 38. Kd4 e3 39. Kd5 e2 40. Bf2 Be5 41. Kc5 Bb2 42. Kxb5 Bxa3 43. Kxa4 Bc1 44. Be1 Ke4 45. b5 Kd3 46. b6 Bd2 47. b7 Bxe1 48. b8Q Bd2 49. Qb5+ Ke3 50. Qe5+ Kd3 51. Qg3+ Kc2 52. Qg6+ Kc3 53. Qf6+ Kd3 54. Qf3+ Be3 55. Qf5+ Kd2 56. Kb3 Bd4 57. Kc4 Bh8 58. Qa5+ Ke3 59. Qe1 Be5 60. h4 1-0

[Event "CZE-chT2B 1617"]
[Site "Czech Republic"]
[Date "2017.01.15"]
[Round "6.7"]
[White "Kabelka, Ondrej"]
[Black "Spirek, Adam"]
[Result "1/2-1/2"]
[WhiteElo "2069"]
[BlackElo "2045"]
[PlyCount "43"]
[EventDate "2016.10.09"]
[EventType "team-tourn"]
[EventRounds "11"]
[EventCountry "CZE"]
[SourceTitle "EXT 2022"]
[Source "ChessBase"]
[SourceDate "2021.10.06"]
[SourceVersion "1"]
[SourceVersionDate "2021.10.06"]
[SourceQuality "1"]
[WhiteTeam "Jicin IV"]
[BlackTeam "Most Chess"]
[WhiteTeamCountry "CZE"]
[BlackTeamCountry "CZE"]

1. d4 Nf6 2. c4 c5 3. d5 b5 4. cxb5 a6 5. bxa6 Bxa6 6. Nc3 d6 7. e4 Bxf1 8. Kxf1 g6 9. g3 Bg7 10. Kg2 0-0 11. Nf3 Nbd7 12. h3 Qa5 13. a4 Rfb8 14. Qe2 Ne8 15. Nd2 Bxc3 16. bxc3 Qxc3 17. Ra2 Qb4 18. Nc4 Rxa4 19. Rxa4 Qxa4 20. e5 dxe5 21. Nxe5 Qd4 22. Nf3 1/2-1/2

[Event "CZE-chT2B 1617"]
[Site "Czech Republic"]
[Date "2016.11.13"]
[Round "3.6"]
[White "Spirek, Adam"]
[Black "Sedivy, Ales"]
[Result "0-1"]
[WhiteElo "2045"]
[BlackElo "1914"]
[PlyCount "110"]
[EventDate "2016.10.09"]
[EventType "team-tourn"]
[EventRounds "11"]
[EventCountry "CZE"]
[SourceTitle "EXT 2022"]
[Source "ChessBase"]
[SourceDate "2021.10.06"]
[SourceVersion "1"]
[SourceVersionDate "2021.10.06"]
[SourceQuality "1"]
[WhiteTeam "Most Chess"]
[BlackTeam "Horice"]
[WhiteTeamCountry "CZE"]
[BlackTeamCountry "CZE"]

1. e4 e6 2. d4 d5 3. Nd2 Nf6 4. e5 Nfd7 5. f4 b6 6. Ndf3 Ba6 7. Ne2 c5 8. c3 Be7 9. g3 g6 10. h4 h5 11. Ng5 Nf8 12. Bh3 Qd7 13. 0-0 Nc6 14. Be3 Bxe2 15. Qxe2 c4 16. b3 Na5 17. Qc2 Rc8 18. Rf2 Qc6 19. b4 Nb7 20. Raf1 Nd8 21. a4 a6 22. Rb1 Nb7 23. Rbf1 Nd8 24. Bc1 Qd7 25. f5 gxf5 26. Bg2 f6 27. exf6 Bxf6 28. Bf3 Bxg5 29. Bxg5 Qf7 30. Bxd5 exd5 31. Rxf5 Qd7 32. Re5+ Nde6 33. Qf5 Rg8 34. Rxd5 Qh7 35. Qxh7 Nxh7 36. Re5 Nhxg5 37. hxg5 Kd7 38. Rf7+ Kd6 39. Rf6 Rce8 40. g6 Re7 41. Rxh5 Rf8 42. Rhf5 Rxf6 43. Rxf6 Rg7 44. Kf2 Ke7 45. Rf7+ Rxf7+ 46. gxf7 Kxf7 47. Ke3 Nc7 48. Ke4 Ke6 49. d5+ Nxd5 50. Kd4 Nxc3 51. Kxc3 b5 52. a5 Ke5 53. Kd2 Kf5 54. Ke3 Kg4 55. Kf2 c3 0-1

[Event "CZE-chT2B 1617"]
[Site "Czech Republic"]
[Date "2016.10.23"]
[Round "4.5"]
[White "Bores, Miroslav"]
[Black "Spirek, Adam"]
[Result "1-0"]
[WhiteElo "2178"]
[BlackElo "2045"]
[PlyCount "111"]
[EventDate "2016.10.09"]
[EventType "team-tourn"]
[EventRounds "11"]
[EventCountry "CZE"]
[SourceTitle "EXT 2022"]
[Source "ChessBase"]
[SourceDate "2021.10.06"]
[SourceVersion "1"]
[SourceVersionDate "2021.10.06"]
[SourceQuality "1"]
[WhiteTeam "Decin"]
[BlackTeam "Most Chess"]
[WhiteTeamCountry "CZE"]
[BlackTeamCountry "CZE"]

1. c4 e5 2. g3 f5 3. Nc3 Nf6 4. Bg2 d6 5. d4 Be7 6. d5 c5 7. dxc6 bxc6 8. Nf3 e4 9. Nd4 0-0 10. 0-0 d5 11. cxd5 cxd5 12. Bg5 h6 13. Bf4 Bd6 14. Bxd6 Qxd6 15. Ncb5 Qb6 16. Rc1 a6 17. Nc3 Bd7 18. Nxf5 Bxf5 19. Nxd5 Qd8 20. Nxf6+ gxf6 21. Qb3+ Kh8 22. Rc5 Bg6 23. Qb7 Nd7 24. Rd1 Be8 25. Rcd5 Rb8 26. Qxa6 Qb6 27. Qxb6 Nxb6 28. Rd8 Bg6 29. Rxf8+ Rxf8 30. b3 Kg7 31. a4 Rf7 32. Rd6 Nc8 33. Rc6 Na7 34. Rc4 f5 35. b4 Rb7 36. g4 fxg4 37. Bxe4 Bxe4 38. Rxe4 h5 39. h3 gxh3 40. Kh2 Nc6 41. b5 Na5 42. Kxh3 Rf7 43. Kg3 Kg6 44. f4 Rc7 45. Re6+ Kf5 46. Re5+ Kg6 47. b6 Rc3+ 48. e3 Nc6 49. Rg5+ Kh6 50. Kh4 Rxe3 51. Rxh5+ Kg6 52. Rc5 Nd4 53. Kg4 Rb3 54. a5 Rb2 55. Rc7 Rg2+ 56. Kh3 1-0

[Event "Imperia op-A 50th"]
[Site "Imperia"]
[Date "2008.09.01"]
[Round "2"]
[White "Spirek, Adam"]
[Black "Spinelli, Doriano"]
[Result "1/2-1/2"]
[WhiteElo "2050"]
[BlackElo "2151"]
[PlyCount "73"]
[EventDate "2008.08.31"]
[EventType "swiss"]
[EventRounds "9"]
[EventCountry "ITA"]
[SourceTitle "MCD"]
[Source "ChessBase"]
[SourceDate "1999.07.01"]
[SourceVersion "1"]
[SourceVersionDate "1999.07.01"]
[SourceQuality "1"]

1. e4 d5 2. exd5 Nf6 3. Bb5+ Nbd7 4. Nc3 g6 5. Nf3 Bg7 6. d4 0-0 7. Be3 Nb6 8. Qd2 Nbxd5 9. Nxd5 Nxd5 10. Bh6 a6 11. Be2 Bg4 12. Bxg7 Kxg7 13. c4 Nf6 14. 0-0 c5 15. d5 Qc7 16. h3 Ne4 17. Qe3 Bxf3 18. Bxf3 Nd6 19. Qc3+ Kg8 20. g4 b5 21. b3 bxc4 22. bxc4 Rab8 23. Rab1 a5 24. Qe5 Rb4 25. Rxb4 axb4 26. Re1 Re8 27. Bd1 Qd7 28. Bb3 h6 29. Qe3 h5 30. Qg5 hxg4 31. hxg4 Kg7 32. Qe5+ f6 33. Qe6 Qxe6 34. Rxe6 Kf7 35. Kg2 Rh8 36. Re1 f5 37. f3 1/2-1/2

[Event "Dublin-ch"]
[Site "Dublin"]
[Date "2007.09.02"]
[Round "6"]
[White "Spirek, Adam"]
[Black "Sorin, Maxime"]
[Result "0-1"]
[WhiteElo "2049"]
[BlackElo "2286"]
[PlyCount "102"]
[EventDate "2007.08.31"]
[EventType "swiss"]
[EventRounds "6"]
[EventCountry "IRL"]
[SourceTitle "EXT 2010"]
[Source "ChessBase"]
[SourceDate "2010.11.25"]
[SourceVersion "1"]
[SourceVersionDate "2010.11.25"]
[SourceQuality "1"]

1. e4 c5 2. Nf3 Nc6 3. d4 cxd4 4. Nxd4 Nf6 5. Nc3 d6 6. Be2 e5 7. Nb3 Be7 8. Be3 0-0 9. 0-0 a5 10. a4 Nb4 11. Bf3 Be6 12. Qd2 Rc8 13. Rac1 b6 14. Rfd1 Qc7 15. Na1 Rfd8 16. Qe1 d5 17. Bg5 d4 18. Nb5 Qb8 19. Bd2 Na6 20. c3 Nc5 21. cxd4 exd4 22. Bg5 Qe5 23. Bh4 Nxa4 24. Rxc8 Bxc8 25. Na7 Bb7 26. Bg3 Qe6 27. Nb5 Bxe4 28. Nxd4 Bxf3 29. Nxf3 Qxe1+ 30. Rxe1 Bb4 31. Rb1 Ne4 32. Bc7 Rd7 33. Bf4 Nxb2 34. Nc2 Bc3 35. Ne5 Rd1+ 36. Rxd1 Nxd1 37. f3 Nd2 38. Bxd2 Bxd2 39. Nc4 Bb4 40. Kf1 b5 41. Ne5 Bc3 42. Nd3 Nb2 43. Ke2 Nxd3 44. Kxd3 Be5 45. Na3 b4 46. Nc4 Bc7 47. h3 Kf8 48. Nb2 Ke7 49. Kc4 Ke6 50. Kb5 Ke5 51. Kc6 Bd8 0-1

[Event "Dublin-ch"]
[Site "Dublin"]
[Date "2007.09.01"]
[Round "3"]
[White "Spirek, Adam"]
[Black "Quinn, Rory"]
[Result "1-0"]
[WhiteElo "2049"]
[BlackElo "2146"]
[PlyCount "57"]
[EventDate "2007.08.31"]
[EventType "swiss"]
[EventRounds "6"]
[EventCountry "IRL"]
[SourceTitle "EXT 2010"]
[Source "ChessBase"]
[SourceDate "2010.11.25"]
[SourceVersion "1"]
[SourceVersionDate "2010.11.25"]
[SourceQuality "1"]

1. e4 Nc6 2. d4 d5 3. Nc3 e5 4. Bb5 dxe4 5. d5 a6 6. Ba4 b5 7. Nxb5 axb5 8. Bxb5 Nge7 9. dxc6 Qxd1+ 10. Kxd1 Nf5 11. c3 Bc5 12. Ke1 Be6 13. b4 Bxb4 14. cxb4 Nd4 15. a4 Nxb5 16. Bb2 Nd4 17. Bxd4 exd4 18. Ne2 d3 19. Nc3 0-0 20. Kd2 f5 21. a5 Bc4 22. Rhb1 Rae8 23. Re1 Rf6 24. b5 Rfe6 25. Ra4 Bb3 26. Rb4 Bc2 27. Nd5 Rb8 28. a6 Rd6 29. Nxc7 1-0

[Event "Dublin-ch"]
[Site "Dublin"]
[Date "2007.08.31"]
[Round "1"]
[White "Spirek, Adam"]
[Black "Palmer, Bernard"]
[Result "0-1"]
[WhiteElo "2049"]
[BlackElo "1897"]
[PlyCount "61"]
[EventDate "2007.08.31"]
[EventType "swiss"]
[EventRounds "6"]
[EventCountry "IRL"]
[SourceTitle "EXT 2010"]
[Source "ChessBase"]
[SourceDate "2010.11.25"]
[SourceVersion "1"]
[SourceVersionDate "2010.11.25"]
[SourceQuality "1"]

1. e4 e6 2. d3 d5 3. Nd2 c5 4. Ngf3 Nc6 5. g3 Bd6 6. Bg2 Nge7 7. 0-0 Qc7 8. Re1 d4 9. Nc4 e5 10. Nfxe5 Nxe5 11. Nxe5 Bxe5 12. f4 Nc6 13. fxe5 Nxe5 14. Bf4 0-0 15. c3 Qd6 16. Qa4 Be6 17. cxd4 cxd4 18. Rac1 a6 19. Bxe5 Qxe5 20. Qb4 Bxa2 21. Rc5 Qe7 22. Rec1 Rad8 23. b3 Qe6 24. R1c4 Qh6 25. Bf1 Qe3+ 26. Kg2 Bb1 27. Rd5 Bxd3 28. Bxd3 Qxd3 29. Rcxd4 Qe2+ 30. Kh3 Rxd5 31. Rxd5 0-1

[Event "CZE-ch Juniors op-A"]
[Site "Sec u Chrudimi"]
[Date "2007.03.14"]
[Round "6"]
[White "Spirek, Adam"]
[Black "Jonas, Vaclav"]
[Result "1/2-1/2"]
[WhiteElo "2040"]
[BlackElo "1987"]
[PlyCount "48"]
[EventDate "2007.03.10"]
[EventType "swiss"]
[EventRounds "9"]
[EventCountry "CZE"]
[SourceTitle "EXT 2008"]
[Source "ChessBase"]
[SourceDate "2007.11.25"]
[SourceVersion "1"]
[SourceVersionDate "2007.11.25"]
[SourceQuality "1"]

1. e4 c5 2. Nf3 Nc6 3. d4 cxd4 4. Nxd4 g6 5. Nc3 Bg7 6. Be3 Nf6 7. Nxc6 bxc6 8. e5 Nd5 9. Nxd5 cxd5 10. Qxd5 Rb8 11. Bxa7 Rxb2 12. Bd4 Rxc2 13. Bd3 Rc6 14. 0-0 0-0 15. f4 Ba6 16. Bxa6 Rxa6 17. a4 d6 18. Rfd1 Ra5 19. Qb7 Qa8 20. Qxa8 Rfxa8 21. exd6 exd6 22. Bxg7 Kxg7 23. Rd4 d5 24. Kf2 Re8 1/2-1/2

[Event "CZE-ch Juniors op-A"]
[Site "Sec u Chrudimi"]
[Date "2007.03.12"]
[Round "3"]
[White "Stukner, Simon"]
[Black "Spirek, Adam"]
[Result "1/2-1/2"]
[WhiteElo "2119"]
[BlackElo "2056"]
[PlyCount "37"]
[EventDate "2007.03.10"]
[EventType "swiss"]
[EventRounds "9"]
[EventCountry "CZE"]
[SourceTitle "EXT 2008"]
[Source "ChessBase"]
[SourceDate "2007.11.25"]
[SourceVersion "1"]
[SourceVersionDate "2007.11.25"]
[SourceQuality "1"]

1. Nf3 d6 2. e4 Nf6 3. Nc3 c6 4. d4 Bg4 5. Be2 e6 6. Be3 d5 7. exd5 Bxf3 8. Bxf3 cxd5 9. 0-0 Be7 10. Ne2 Nc6 11. c4 0-0 12. Nf4 dxc4 13. Bxc6 bxc6 14. Qa4 Rb8 15. Rab1 Rb4 16. Qxa7 Nd5 17. Rfc1 Bd6 18. Nxd5 cxd5 19. Bd2 1/2-1/2

[Event "CZE-chT2b 0506"]
[Site "Czech Republic"]
[Date "2006.04.09"]
[Round "11.5"]
[White "Spirek, Adam"]
[Black "Jenicek, Michal"]
[Result "0-1"]
[WhiteElo "2050"]
[BlackElo "2090"]
[PlyCount "52"]
[EventDate "2005.10.16"]
[EventType "team"]
[EventRounds "11"]
[EventCountry "CZE"]
[SourceTitle "EXT 2009"]
[Source "ChessBase"]
[SourceDate "2008.11.26"]
[SourceVersion "1"]
[SourceVersionDate "2008.11.26"]
[SourceQuality "1"]

1. e4 c6 2. d4 d5 3. exd5 cxd5 4. c4 Nf6 5. Nc3 e6 6. Nf3 Be7 7. Bd3 dxc4 8. Bxc4 0-0 9. 0-0 Nc6 10. a3 a6 11. Ba2 b5 12. b4 Bb7 13. Bg5 Rc8 14. Rc1 Nd5 15. Ne4 Bxg5 16. Nfxg5 Nf4 17. Kh1 Nxd4 18. Rxc8 Bxc8 19. Qb1 f5 20. g3 Nfe2 21. Rd1 fxe4 22. Nxe6 Bxe6 23. Bxe6+ Kh8 24. Qb2 e3 25. f3 Qa8 26. Kg2 Qxf3+ 0-1

[Event "CZE-chT2b 0506"]
[Site "Czech Republic"]
[Date "2006.03.12"]
[Round "9.5"]
[White "Spirek, Adam"]
[Black "Surnak, Peter"]
[Result "0-1"]
[WhiteElo "2050"]
[BlackElo "1970"]
[PlyCount "78"]
[EventDate "2005.10.16"]
[EventType "team"]
[EventRounds "11"]
[EventCountry "CZE"]
[SourceTitle "EXT 2009"]
[Source "ChessBase"]
[SourceDate "2008.11.26"]
[SourceVersion "1"]
[SourceVersionDate "2008.11.26"]
[SourceQuality "1"]

1. e4 e5 2. Nf3 Nc6 3. d4 exd4 4. Nxd4 Qh4 5. Nb5 Bb4+ 6. N1c3 Ba5 7. Be2 a6 8. Nd4 Qxe4 9. Nxc6 Qxc6 10. 0-0 Bxc3 11. bxc3 Ne7 12. Bf3 Qf6 13. Rb1 0-0 14. c4 Nc6 15. Bb2 Qf4 16. Re1 d6 17. Re4 Qh6 18. g3 Bf5 19. Rh4 Qg6 20. Qe1 Rab8 21. Qc3 Ne5 22. Bh5 Qf6 23. f4 Ng6 24. Qa5 Qe6 25. Re1 Qd7 26. Bxg6 hxg6 27. h3 Rfe8 28. Rf1 Re2 29. g4 Bxc2 30. Qg5 f6 31. Qd5+ Qe6 32. f5 Qxd5 33. cxd5 g5 34. Rh5 Be4 35. Rf2 Rxf2 36. Kxf2 Bxd5 37. h4 Bf7 38. hxg5 Bxh5 39. gxh5 fxg5 0-1

[Event "CZE-chT2b 0506"]
[Site "Czech Republic"]
[Date "2006.02.12"]
[Round "7.5"]
[White "Spirek, Adam"]
[Black "Purnoch, Josef"]
[Result "1-0"]
[WhiteElo "2050"]
[BlackElo "2188"]
[PlyCount "133"]
[EventDate "2005.10.16"]
[EventType "team"]
[EventRounds "11"]
[EventCountry "CZE"]
[SourceTitle "EXT 2009"]
[Source "ChessBase"]
[SourceDate "2008.11.26"]
[SourceVersion "1"]
[SourceVersionDate "2008.11.26"]
[SourceQuality "1"]

1. e4 Nc6 2. d4 d5 3. Nc3 dxe4 4. d5 Ne5 5. Bf4 Ng6 6. Bg3 a6 7. Bc4 Nf6 8. h4 h5 9. Nh3 Bg4 10. f3 exf3 11. gxf3 Bxh3 12. Rxh3 Nd7 13. Qe2 Nb6 14. 0-0-0 Qd7 15. Rh2 f5 16. d6 f4 17. Be6 Qc6 18. Bf5 Rh6 19. Qe6 Ne5 20. Qxe5 fxg3 21. Qxg3 cxd6 22. Bg6+ Kd8 23. Re2 Kc7 24. Be4 Qd7 25. Nd5+ Nxd5 26. Rxd5 Rc8 27. Rc5+ Kb8 28. Rxc8+ Qxc8 29. Re3 e6 30. Rb3 b5 31. a4 Qc5 32. axb5 axb5 33. Qf4 Rf6 34. Qg3 Rf7 35. Qg6 Re7 36. Bd3 Qe3+ 37. Kd1 Qxf3+ 38. Ke1 Qe3+ 39. Kd1 Qf3+ 40. Ke1 Qh1+ 41. Ke2 Qh2+ 42. Kd1 Qxh4 43. Rxb5+ Kc7 44. Rxh5 Qf6 45. Qe4 d5 46. Qa4 Qxb2 47. Bb5 Qb1+ 48. Kd2 Qg1 49. Rh3 Qg2+ 50. Kc1 Qxh3 51. Qa7+ Kd6 52. Qb8+ Kc5 53. Qxf8 Qh4 54. Bd3 Kd4 55. Qb8 Qe1+ 56. Kb2 Qc3+ 57. Kc1 e5 58. Qb6+ Qc5 59. c3+ Kxd3 60. Qxc5 Rd7 61. Qb5+ Kxc3 62. Qxd7 Kc4 63. Qxg7 e4 64. Qe5 Kc5 65. Kd2 Kc4 66. Ke3 Kc5 67. Qd4+ 1-0